<?xml version="1.0" encoding="UTF-8"?>
<record
    xmlns:xsi="http://www.w3.org/2001/XMLSchema-instance"
    xsi:schemaLocation="http://www.loc.gov/MARC21/slim http://www.loc.gov/standards/marcxml/schema/MARC21slim.xsd"
    xmlns="http://www.loc.gov/MARC21/slim">

  <leader>00809nam a2200229 a 4500</leader>
  <controlfield tag="001">BRCA_7111</controlfield>
  <controlfield tag="005">20190320205722.0</controlfield>
  <controlfield tag="008">281211s1893----gw-#######---#000-0#ger-#</controlfield>
  <datafield tag="041" ind1=" " ind2=" ">
    <subfield code="a">ger</subfield>
  </datafield>
  <datafield tag="044" ind1=" " ind2=" ">
    <subfield code="a">gw</subfield>
    <subfield code="p">.C66 1893</subfield>
  </datafield>
  <datafield tag="100" ind1="1" ind2=" ">
    <subfield code="a">Conway, Hugh</subfield>
    <subfield code="9">17681</subfield>
  </datafield>
  <datafield tag="245" ind1="1" ind2="0">
    <subfield code="a">Mein erster Klient</subfield>
    <subfield code="b">und andere Geschichten</subfield>
    <subfield code="c">von  Hugh Conway ; Autorisierte Uebersetzung von Auguste Scheibe.</subfield>
  </datafield>
  <datafield tag="260" ind1=" " ind2=" ">
    <subfield code="a">Stuttgart, Alemania</subfield>
    <subfield code="b">J. Engelhorn</subfield>
    <subfield code="c">1893</subfield>
  </datafield>
  <datafield tag="300" ind1=" " ind2=" ">
    <subfield code="a">159 p.</subfield>
    <subfield code="c">19 cm.</subfield>
  </datafield>
  <datafield tag="440" ind1=" " ind2="0">
    <subfield code="a">Engelhorns Allgemeine Romanbibliothek. Eine Auswahl der besten modernen Romane aller V&#xF6;lker. Neunter Jahrgang.</subfield>
    <subfield code="v">15</subfield>
    <subfield code="9">17682</subfield>
  </datafield>
  <datafield tag="500" ind1=" " ind2=" ">
    <subfield code="a">Estado fis&#xED;co: cubiertas desprendidas, lomo deteriorado</subfield>
  </datafield>
  <datafield tag="500" ind1=" " ind2=" ">
    <subfield code="a">O128</subfield>
  </datafield>
  <datafield tag="650" ind1="1" ind2="4">
    <subfield code="a">Ficci&#xF3;n</subfield>
    <subfield code="9">16263</subfield>
  </datafield>
  <datafield tag="700" ind1="1" ind2=" ">
    <subfield code="a">Scheibe, Auguste</subfield>
    <subfield code="e">tr.</subfield>
    <subfield code="9">17683</subfield>
  </datafield>
  <datafield tag="902" ind1=" " ind2=" ">
    <subfield code="a">GFM</subfield>
  </datafield>
  <datafield tag="942" ind1=" " ind2=" ">
    <subfield code="2">lcc</subfield>
    <subfield code="c">B</subfield>
  </datafield>
  <datafield tag="999" ind1=" " ind2=" ">
    <subfield code="c">6792</subfield>
    <subfield code="d">6792</subfield>
  </datafield>
  <datafield tag="952" ind1=" " ind2=" ">
    <subfield code="0">0</subfield>
    <subfield code="1">0</subfield>
    <subfield code="4">0</subfield>
    <subfield code="7">0</subfield>
    <subfield code="a">BRCA</subfield>
    <subfield code="b">BRCA</subfield>
    <subfield code="d">2011-12-28</subfield>
    <subfield code="i">O128</subfield>
    <subfield code="l">0</subfield>
    <subfield code="o">(O128)</subfield>
    <subfield code="p">7558</subfield>
    <subfield code="r">2019-03-22 00:00:00</subfield>
    <subfield code="w">2019-03-22</subfield>
    <subfield code="y">B</subfield>
  </datafield>
</record>
